| 000 | 02430cam a2200505 a 4500 | ||
|---|---|---|---|
| 001 | 15549667 | ||
| 003 | OSt | ||
| 005 | 20180117085950.0 | ||
| 008 | 081209s2009 enka b 000 0 eng | ||
| 010 | _a 2008053203 | ||
| 015 |
_aGBA930188 _2bnb |
||
| 016 | 7 |
_a014937219 _2Uk |
|
| 020 | _a9780415475730 (hbk.) | ||
| 020 | _a0415475732 (hbk.) | ||
| 020 | _a9780415475747 (pbk.) | ||
| 020 | _a0415475740 (pbk.) | ||
| 035 | _a(OCoLC)ocn244057418 | ||
| 040 |
_aDLC _beng _cDLC _dBTCTA _dBAKER _dYDXCP _dBWKUK _dBWK _dBWX _dCDX _dOCLCA _dUKM _dHEBIS _dDEBBG _dOCL _dDLC |
||
| 050 | 0 | 0 |
_aP96.L34 _bD87 2009 |
| 082 | 0 | 0 |
_a302.2301/4 _222 |
| 082 | 0 | 0 | _a401.4 |
| 084 |
_aET 550 _2rvk |
||
| 084 |
_aHF 144 _2rvk |
||
| 100 | 1 |
_aDurant, Alan, _d1954- |
|
| 245 | 1 | 0 |
_aLanguage and media : _ba resource book for students / _cAlan Durant and Marina Lambrou. |
| 260 |
_aLondon ; _aNew York : _bRoutledge, _c2009. |
||
| 300 |
_axvii, 269 p. : _bill. ; _c26 cm. |
||
| 490 | 1 | _aRoutledge English language introductions | |
| 504 | _aIncludes bibliographical references (p. [252]-259). | ||
| 650 | 0 | _aMass media and language. | |
| 650 | 0 |
_aEnglish language _xDiscourse analysis. |
|
| 650 | 0 | _aDiscourse analysis. | |
| 655 | 7 |
_aLehrbuch. _2swd |
|
| 700 | 1 | _aLambrou, Marina. | |
| 830 | 0 | _aRoutledge English language introductions series. | |
| 856 | 4 | 2 |
_3Publisher description _uhttp://www.loc.gov/catdir/enhancements/fy0916/2008053203-d.html |
| 856 | 4 |
_uhttp://bvbr.bib-bvb.de:8991/F?func=service&doc_library=BVB01&doc_number=017330121&line_number=0001&func_code=DB_RECORDS&service_type=MEDIA _zInhaltsverzeichnis |
|
| 906 |
_a7 _bcbc _corignew _d1 _eecip _f20 _gy-gencatlg |
||
| 942 |
_2ddc _cBK |
||
| 999 |
_c2815 _d2815 |
||